LEADER 01153nam0-22002651i-450- 001 990006289210403321 005 20040409113543.0 035 $a000628921 035 $aFED01000628921 035 $a(Aleph)000628921FED01 035 $a000628921 100 $a20000112d1945----km-y0itay50------ba 105 $a--------00-yy 200 1 $aNorme integrative e di attuazione del decreto Legislativo Luogotenenziale 27 luglio 1944, n. 159, per la parte riguardante l'Avocazione e la confisca dei profitti di regime$e(decretolegislativo Luogotenenziale 31 maggio 1945 n. 364 pubblicato nella Gazzetta Ufficiale del 14 luglio 1945 n. 84) 210 $aRoma$cLibreria dello Stato$d1945 215 $a24 p.$d24 cm 676 $a336.014 710 02$aItalia.$bPresidenza del Consiglio dei ministri$0423419 801 0$aIT$bUNINA$gRICA$2UNIMARC 901 $aBK 912 $a990006289210403321 952 $aBUSTA 21 (5) 10$b33034$fFGBC 959 $aFGBC 996 $aNorme integrative e di attuazione del decreto Legislativo Luogotenenziale 27 luglio 1944, n. 159, per la parte riguardante l'Avocazione e la confisca dei profitti di regime$9642235 997 $aUNINA LEADER 00992nam0-22002771i-450- 001 990006196500403321 005 19980601 035 $a000619650 035 $aFED01000619650 035 $a(Aleph)000619650FED01 035 $a000619650 100 $a19980601d1891----km-y0itay50------ba 105 $a--------00-yy 200 1 $aDiscorso pronunziato dal Senatore Francesco Auriti, Procuratore del re presso la Corte di cassazione di Roma nella Assemblea Generale del 3 gennaio 1891$fFrancesco Auriti. 210 $aRoma$cFazzani & C.$d1891 215 $a37 p.$d24 cm 676 $a347.035 700 1$aAuriti,$bFrancesco$0234840 801 0$aIT$bUNINA$gRICA$2UNIMARC 901 $aBK 912 $a990006196500403321 952 $aB.SOL.BUS. 2 (1) 5$b64373$fFGBC 959 $aFGBC 996 $aDiscorso pronunziato dal Senatore Francesco Auriti, Procuratore del re presso la Corte di cassazione di Roma nella Assemblea Generale del 3 gennaio 1891$9648643 997 $aUNINA DB $aGIU01 LEADER 03023nam0 2200637 i 450 001 CFI0215192 005 20251003044135.0 010 $a8821706354 020 $aIT$b93-1258 100 $a19931215d1992 ||||0itac50 ba 101 | $aita 102 $ait 181 1$6z01$ai $bxxxe 182 1$6z01$an 200 1 $aˆL'‰Europa di Maastricht$e[il testo del trattato che istituisce la Comunitą economica europea integrato con il trattato firmato a Maastricht il 7 febbraio 1992] 210 $a[Milano]$cIPSOA$d[1992] 215 $a293 p.$d24 cm. 606 $aUnione europea$xOrdinamento$2FIR$3CFIC070907$9E 676 $a341.2422$9Comunita economica europea$v20 676 $a341.2422026$9COMUNITA ECONOMICA EUROPEA. TRATTATI E GIURISPRUDENZA$v20 676 $a341.2422026$9UNIONE EUROPEA. Trattati e giurisprudenza$v22 696 $aOrdinamento giuridico 699 $aOrdinamento$zOrdinamento giuridico 710 02$aComunitą europea$3CFIV005017$4070$0342995 791 02$aCEE$3CFIV005018$zComunitą europea 791 02$aComunitą economica europea$3CFIV018059$zComunitą europea 791 02$aEur?paik? en?s?$3CFIV141580$zComunitą europea 791 02$aCE$3CFIV230594$zComunitą europea 791 02$aCommunauté européenne$3CFIV230604$zComunitą europea 791 02$aEuropean community$3CFIV230605$zComunitą europea 791 02$aCommunauté économique européenne$3CFIV230612$zComunitą europea 791 02$aEuropese gemeenschap$3CFIV230613$zComunitą europea 791 02$aEuropese economische gemeenschap$3CFIV230614$zComunitą europea 791 02$aComunidad europea$3CFIV230615$zComunitą europea 791 02$aComunidade europeia$3CFIV230616$zComunitą europea 791 02$aEuropäische Gemeinschaft$3CFIV230620$zComunitą europea 791 02$aCEE$3CFIV005018$zComunitą europea 791 02$aComunitą economica europea$3CFIV018059$zComunitą europea 791 02$aEur?paik? en?s?$3CFIV141580$zComunitą europea 791 02$aCE$3CFIV230594$zComunitą europea 791 02$aCommunauté européenne$3CFIV230604$zComunitą europea 791 02$aEuropean community$3CFIV230605$zComunitą europea 791 02$aCommunauté économique européenne$3CFIV230612$zComunitą europea 791 02$aEuropese gemeenschap$3CFIV230613$zComunitą europea 791 02$aEuropese economische gemeenschap$3CFIV230614$zComunitą europea 791 02$aComunidad europea$3CFIV230615$zComunitą europea 791 02$aComunidade europeia$3CFIV230616$zComunitą europea 791 02$aEuropäische Gemeinschaft$3CFIV230620$zComunitą europea 801 3$aIT$bIT-000000$c19931215 850 $aIT-BN0095 901 $bNAP 01$cD $n$ 912 $aCFI0215192 950 0$aBiblioteca Centralizzata di Ateneo$b1 v.$c1 v.$d 01D (AR) 20 096$e 01AR 0700200965 VMA A4 1 v.$fY $h19961216$i20181017 977 $a 01 996 $aEuropa di Maastricht$9395028 997 $aUNISANNIO